| 000 | 00770nam a22002177a 4500 | ||
|---|---|---|---|
| 999 |
_c5971 _d5971 |
||
| 003 | AR-CdUCM | ||
| 008 | 190313b ||||| |||| 00| 0 spa d | ||
| 040 |
_aMUNICIPALIDAD PROVINCIAL DEL CUSCO _cBIBLIOTECA MUNICIPAL DEL CUSCO |
||
| 082 |
_a869.508 / _bC29 |
||
| 100 |
_aCarpentier, Alejo _9216 |
||
| 245 |
_aEl reino de este mundo : _bRelato / |
||
| 260 |
_aLima] : _bEditorial Latinoamericana, _c1958. |
||
| 300 |
_a127 paginas : _c17 cm. |
||
| 500 | _aDonación de la familia Nieto. | ||
| 505 | _aContenido :Las cabezas de cera -- La poda -- Lo que hallaba la mano -- El recuento --El traje de hombre ... | ||
| 650 |
_aNovelas cubanas _96366 |
||
| 650 |
_aNovelas de costumbres _9168 |
||
| 650 |
_aLiteratura cubana _9668 |
||
| 942 |
_2ddc _cLIBROS |
||
| 945 | _arum | ||